000 01180nam a2200229Ia 4500
001 L192-1744
003 IT-CnALBA
008 170116s9999||||xx |||||||||||||| ||und||
040 _aIT-CnALBA
_cIT-CnALBA
041 _aITALIANO
100 _aBERKELEY GIORGIO
245 0 _aARCIFRONE.
250 _a1a ed.
260 _a BOLOGNA
_bZANICHELLI NICOLA, EDITORE
_c1950 [1° Ed.:1950 - Ed.Ling.Originale: 1950]
300 _a430 p.
500 _aCURATORI GUZZO AUGUSTO E CORDELIA. DATAZIONE ED ELENCO DELLE OPERE LIBERTÀ DEL PENSATORE. ESAME DELL'UTILITÀ DEL LIBERO PENSIERO. LIBERO PENSIERO COME AMORE DELLA VIRTÙ E ALTRUISMO AL DI FUORI DELLA RELIGIONE. VERITÀ DEL TEISMO. ESISTENZA E CONOSCIBILITA'
501 _aSocietà San Paolo EM - Piazza San Paolo, 14 - 12051 ALBA (CN) (non commercial uses only) ® Copyright 2017
520 _aCURATORI GUZZO AUGUSTO E CORDELIA. DATAZIONE ED ELENCO DELLE OPERE LIBERTÀ DEL PENSATORE. ESAME DELL'UTILITÀ DEL LIBERO PENSIERO. LIBERO PENSIERO COME AMORE DELLA VIRTÙ E ALTRUISMO AL DI FUORI DELLA RELIGIONE. VERITÀ DEL TEISMO. ESISTENZA E CONOSCIBILITA'
650 _aFILOSOFIA INGLESE
942 _cBK
957 _71
999 _a2726
_bNO
_g Copie: 1
_c260963
_d260963